| 000 | 00929nas a2200289 4500 | ||
|---|---|---|---|
| 001 | BR2021000328 | ||
| 003 | BR-BrBNA | ||
| 005 | 20231205132143.0 | ||
| 007 | ta | ||
| 008 | 230509b bl.|||p| |||| 00| 00por d | ||
| 040 |
_aBR-BrBNA _bpor _cBiblioteca Nacional de Agricultura |
||
| 041 | _a(Pt) | ||
| 072 | _aP33 | ||
| 100 | 1 | _aChig, L.A. | |
| 100 | 1 | _aEspinosa, M.M. | |
| 100 | 1 | _aCouto, E.G. | |
| 100 | 1 | _aAmorim, R.S.S. | |
| 245 | 1 | _aUso de séries temporais em análise da variação do ph do solo | |
| 650 | _aARGILA | ||
| 650 | _aPH | ||
| 650 | _aANÁLISE DO SOLO | ||
| 773 | 0 |
_tNativa. Pesquisas Agrárias e Ambientais (Brazil) _xISSN 2318-7670 _g(Jul-Aug 2018), v. 6(4) p. 358-363 _wBR2021000328 |
|
| 856 | 4 | 0 | _uhttps://periodicoscientificos.ufmt.br/ojs/index.php/nativa/article/view/5089/4591 |
| 856 | 4 | 0 | _dLink DSPACE/MAPA BR2021000328 |
| 909 |
_a202311 _bLúcia _c55 _dLúcia Elande |
||
| 942 |
_2AGRIS _n0 _cANA |
||
| 999 |
_c258781 _d258781 |
||